000 00853nam a2200205 a 4500
003 0
005 20250621110047.0
008 030602s19uu xx 00 eng d
050 _aPGS QA 11.2
_b.G751 1998
100 _aGrandea, Maria Socorro Jereza.
245 _aThe use of the math center and how it affects the Southville International School grade six students school year 1997-1998 /
_cMaria Socorro Jereza Grandea.
260 _aLas PiƱas City, Philippines :
_bSouthville International School and Colleges,
_c1998.
300 _a30 pages :
_bcolored illustrations ;
_c28 cm.
504 _aIncludes bibliographical references.
650 _aMathematics
_vStudy and teaching (Elementary).
650 _aLearning centers (Education).
650 _aAcademic achievement.
650 _aElementary school students
_vAttitudes.
942 _2lcc
_cPASS
999 _c96126
_d96126